The dare sisters / (Record no. 48175)
| 000 -LEADER | |
|---|---|
| fixed length control field | 00659nam a2200145 4500 |
| 020 ## - INTERNATIONAL STANDARD BOOK NUMBER | |
| International Standard Book Number | 9781250213389 |
| 100 ## - MAIN ENTRY--PERSONAL NAME | |
| Personal name | Rinker, Jess. |
| 9 (RLIN) | 85922 |
| 245 ## - TITLE STATEMENT | |
| Title | The dare sisters / |
| Statement of responsibility, etc | Jess Rinker. |
| 260 ## - PUBLICATION, DISTRIBUTION, ETC. (IMPRINT) | |
| Place of publication, distribution, etc | New York: |
| Name of publisher, distributor, etc | Imprint; |
| Date of publication, distribution, etc | 2020. |
| 300 ## - PHYSICAL DESCRIPTION | |
| Extent | 203 p. |
| Dimensions | 21 cm. |
| 520 ## - SUMMARY, ETC. | |
| Summary, etc | Savannah Dare and her sisters, Frances and Jolene, must find Blackbeard's lost treasure to fulfill their grandfather's dream and save their family home, but they are not alone in seeking pirate gold on Ocracoke Island.<br/> |
| 650 ## - SUBJECT ADDED ENTRY--TOPICAL TERM | |
| Topical term or geographic name as entry element | Detective and mystery. Families North Carolina Ocracoke Island. Pirates. Sisters. |
| Form subdivision | Fiction. |
| 9 (RLIN) | 85923 |
| 655 ## - INDEX TERM--GENRE/FORM | |
| Genre/form data or focus term | Mystery. |
| 9 (RLIN) | 83358 |
| 942 ## - ADDED ENTRY ELEMENTS (KOHA) | |
| Source of classification or shelving scheme | |
| Koha item type | J FIC BOOKS |
| Withdrawn status | Lost status | Source of classification or shelving scheme | Damaged status | Not for loan | Collection code | Home library | Current library | Shelving location | Date acquired | Total Checkouts | Total Renewals | Full call number | Barcode | Date last seen | Date checked out | Price effective from | Koha item type |
|---|---|---|---|---|---|---|---|---|---|---|---|---|---|---|---|---|---|
| SECONDARY | Asian Hope Secondary Library | Asian Hope Secondary Library | Junior Fiction | 01/13/2025 | 4 | 1 | J FIC RIN | 207389 | 01/16/2026 | 11/13/2025 | 01/13/2025 | J FIC BOOKS |